| 000 | 00526nam a22002057a 4500 | ||
|---|---|---|---|
| 005 | 20241218120056.0 | ||
| 008 | 241218b |||||||| |||| 00| 0 eng d | ||
| 020 | _a9780028009902 | ||
| 050 |
_aPE115 _bCLA |
||
| 100 | _aCLARK, R. LYN | ||
| 245 | _aBUSINESS ENGLISH AND COMMUNICATION | ||
| 250 | _a8TH | ||
| 260 |
_aNEW YORK _bGLENCOE/MCGRAW _cc1994 |
||
| 300 |
_axix,524p; _bill.; |
||
| 500 | _aincludes index | ||
| 700 | _aCLARK, LYN R. | ||
| 700 | _aZIMMER,KENNETH | ||
| 700 | _aTINERVIA, JOSEPH | ||
| 942 |
_2lcc _cBK _n0 |
||
| 999 |
_c2436 _d2436 |
||